| 000 | 02149 a2200217 4500 | ||
|---|---|---|---|
| 001 | 26868 | ||
| 005 | 20260407155546.0 | ||
| 008 | 260407a2000 arg spa d | ||
| 003 | AR-UNSa-BCEJYS | ||
| 040 |
_aAR-UNSa-BCEJYS _bspa _cAR-UNSa-BCEJYS |
||
| 080 |
_a347.736 _xQuiebra. Insolvencia. Suspensión de pagos. Bancarrota, procedimientos. Derecho Concursal |
||
| 245 | 1 | 0 | _aInstituciones de Derecho Concursal |
| 020 | _a950-727-098-1 | ||
| 264 | 1 |
_aSanta Fe : _bRubinzal-Culzoni Editores _c2000 |
|
| 300 |
_a2 v. (399; 387 p.) _c23 cm. |
||
| 505 | _aVol. I: 1. Nociones preliminares - 2. Evolución del derecho concursal argentino desde 1972 - 3. Los procesos concursales, presupuesto, principios, sujetos, funcionarios y reglas procesales generales - 4. El concurso extranacional - 5. Sujetos, requisitos, apertura y efectos - 6. El periodo informativo - 7. Categorización, propuesta de acuerdo preventivo y salvataje - 8. Homologación, efectos, nulidad e incumplimiento del acuerdo preventivo - 9. Supuestos especiales: Concurso de agrupamiento y acuedo preventivo extrajudicial - Vol.II: 10. Introducción. La declaración de quiebra - 11. Efectos de la quiebra, efectos personales,despoderamiento y continuación de la actividad de la empresa del fallido - 12. Efectos de la quiebra sobre los actos prejudiciales para los acreedores - 13. Efectos de la quiebra sobre las relaciones jurídicas - 14. Efectos de la quiebra sobre las relaciones jurídicas(continuación) - 15. Liquidación de los activos.Informe final y distribución - 16. Privilegios - 17. Conclusión de la quiebra y clausura del procedimiento - 18. Las sanciones causadas en la quiebra. Sanciones contra el fallido y los administradores de la sociedad quebrada - 19. Las sanciones a terceros extensión de quiebra y responsabiidad de terceros - 20. Regimen de los pequeños concursos - 21. Aplicación de la ley 24.552 en el tiempo. | ||
| 942 | _cBK | ||
| 590 | _aniveau_biblio:m niveau_hierar:0 | ||
| 100 | 1 | _aRivera, Julio César | |
| 856 | 4 | 1 |
_uhttps://biblioeco.unsa.edu.ar/pmb/images/libros/Instituciones de Derecho Concursal-l86241.jpg _yImagen de portada _qimage/jpeg |
| 999 |
_c1504 _d1504 |
||